000 00648cam a2200217 i 4500
001 3717554
008 800715s1981 mau 001 0 eng
040 _aDLC
_cCUZ
_dCUZ
_beng
050 0 0 _aHF5549.5.
_bREI
100 1 _aReid, Margaret Anne
245 1 0 _aTraining Interventions :
_cMargaret Anne Reid and Harry Barrington
250 _a4th edition.
264 _aLondon :
_bInstitute of Personnel and Development ,
_c1994.
300 _aix, 198 p. ;
_c24 cm.
336 _atext
_btxt
337 _aunmediated
_bn
338 _2rdacarrier
500 _aIncludes index.
650 0 _aEmployees
942 _cOS
999 _c44745
_d44745